[Event "77th Tata Steel GpA"]
[Site "Wijk aan Zee NED"]
[Date "2015.01.11"]
[Round "2.4"]
[White "Carlsen, Magnus"]
[Black "So, Wesley"]
[Result "1/2-1/2"]
[WhiteTitle "GM"]
[BlackTitle "GM"]
[WhiteElo "2862"]
[BlackElo "2762"]
[WhiteFideId "1503014"]
[BlackFideId "5202213"]
[EventDate "2015.01.10"]

1. c4 Nf6 2. Nc3 e6 3. d4 Bb4 4. e3 O-O 5. Ne2 d5 6. a3 Be7 7. cxd5 exd5 8. g3
Nbd7 9. Bg2 Nb6 10. O-O Re8 11. b3 h6 12. Qc2 Bd7 13. a4 a5 14. Nf4 c6 15. Bb2
Bb4 16. Nd3 Bf5 17. Qd1 Bd6 18. Re1 Nbd7 19. Ba3 Bxa3 20. Rxa3 Nb8 21. Ra2 Na6
22. Rae2 Re7 23. Ne5 Nb4 24. e4 dxe4 25. Nxe4 Bxe4 26. Bxe4 Nxe4 27. Rxe4 Qd5
28. R4e3 b5 29. Ng4 Rxe3 30. Nxe3 Qe4 31. Ng4 Qc2 32. Ne3 Qe4 33. Ng4 Qc2 34.
Ne3 Qe4 1/2-1/2

[Event "77th Tata Steel GpA"]
[Site "Wijk aan Zee NED"]
[Date "2015.01.17"]
[Round "7.6"]
[White "So, Wesley"]
[Black "Radjabov, Teimour"]
[Result "1/2-1/2"]
[WhiteTitle "GM"]
[BlackTitle "GM"]
[WhiteElo "2762"]
[BlackElo "2734"]
[WhiteFideId "5202213"]
[BlackFideId "13400924"]
[EventDate "2015.01.10"]

1. d4 Nf6 2. c4 e6 3. Nf3 d5 4. Nc3 Be7 5. Bf4 O-O 6. e3 Nbd7 7. Be2 dxc4 8. O-O
c5 9. dxc5 Nxc5 10. Bxc4 Qxd1 11. Rfxd1 b6 12. Bd6 Bxd6 13. Rxd6 Bb7 14. Rad1
Bxf3 15. gxf3 Rfc8 16. Bf1 g6 17. Bg2 Rab8 18. f4 b5 19. Ne2 Nce4 20. R6d4 Nc5
21. Bf3 Kf8 22. Kg2 h6 23. b3 a6 24. h3 Ke7 25. e4 Kf8 26. Ng3 Ng8 27. Rd6 a5
28. f5 gxf5 29. exf5 Ne7 30. Bg4 Nd5 31. fxe6 Nf4+ 32. Kf3 Ncxe6 33. Ne4 a4 34.
Rd7 Rb6 35. Bxe6 Nxe6 36. h4 axb3 37. axb3 Nc5 38. Rc1 Rbc6 39. Nxc5 Rxc5 40.
Rxc5 Rxc5 1/2-1/2

[Event "77th Tata Steel GpA"]
[Site "Wijk aan Zee NED"]
[Date "2015.01.18"]
[Round "8.4"]
[White "Jobava, Baadur"]
[Black "Carlsen, Magnus"]
[Result "0-1"]
[WhiteTitle "GM"]
[BlackTitle "GM"]
[WhiteElo "2727"]
[BlackElo "2862"]
[WhiteFideId "13601520"]
[BlackFideId "1503014"]
[EventDate "2015.01.10"]

1. b3 g6 2. Bb2 Nf6 3. Nc3 Bg7 4. d4 c5 5. e3 cxd4 6. exd4 d5 7. Qd2 Nc6 8. f3
h5 9. Bb5 Qd6 10. Nge2 Bh6 11. Qd1 Bf5 12. Bc1 Bxc1 13. Rxc1 Rc8 14. Qd2 O-O 15.
Bxc6 bxc6 16. Na4 Rfe8 17. O-O e5 18. c3 h4 19. dxe5 Rxe5 20. b4 Rce8 21. Nd4 h3
22. g3 Bc8 23. Nc5 Nd7 24. Nd3 R5e7 25. Rfe1 c5 26. bxc5 Nxc5 27. Nf4 Rxe1+ 28.
Rxe1 Rxe1+ 29. Qxe1 Ne6 30. Nfxe6 Bxe6 31. Kf2 Bd7 32. Qb1 Qc7 33. Qb3 Bc8 34.
a3 a5 35. Qb2 Ba6 36. Nc2 Qa7+ 37. Ne3 Bc4 38. f4 Kh7 39. g4 Qe7 40. Qc1 Qe4 41.
f5 Qf4+ 42. Kg1 gxf5 43. gxf5 Bd3 44. Qe1 Bxf5 45. Nxf5 Qxf5 46. Qg3 Kh6 47. Qb8
Qf3 48. Qh8+ Kg6 49. Qg8+ Kf6 50. Qd8+ Kf5 0-1

[Event "77th Tata Steel GpA"]
[Site "Wijk aan Zee NED"]
[Date "2015.01.21"]
[Round "10.5"]
[White "Jobava, Baadur"]
[Black "Caruana, Fabiano"]
[Result "0-1"]
[WhiteTitle "GM"]
[BlackTitle "GM"]
[WhiteElo "2727"]
[BlackElo "2820"]
[WhiteFideId "13601520"]
[BlackFideId "2020009"]
[EventDate "2015.01.10"]

1. d4 Nf6 2. Nc3 d5 3. Bf4 e6 4. e3 Bb4 5. Ne2 O-O 6. a3 Bd6 7. g3 b6 8. Bg2 Bb7
9. O-O c5 10. Re1 Be7 11. h3 Nc6 12. g4 Rc8 13. Qd2 a6 14. dxc5 bxc5 15. Rad1
Qa5 16. Nc1 c4 17. N1e2 Rfd8 18. Nd4 Qb6 19. Qc1 Nd7 20. g5 Bf8 21. h4 g6 22. h5
Bg7 23. hxg6 hxg6 24. Nf3 Nc5 25. Nh2 e5 26. Bg3 Ne7 27. Ng4 e4 28. f4 Nf5 29.
Bf2 Rb8 30. Rd2 Qe6 31. Bh3 Qc6 32. Bg2 Qe6 33. Red1 Nh4 34. Bh3 Nf3+ 35. Kg2
Qd6 36. Rxd5 Bxd5 37. Rxd5 Qb6 38. Rxc5 Qxc5 39. Nxe4 Qc6 40. Nef6+ Bxf6 41.
Nxf6+ Kg7 42. e4 Nd2 43. Bg4 c3 44. b4 Rd6 45. Qe1 Rbd8 46. Qh1 Rxf6 47. Qh6+
Kg8 48. gxf6 Qxf6 49. Bh4 Qd4 50. Bxd8 Qxe4+ 51. Kg3 Qe1+ 52. Kg2 Qf1+ 53. Kh2
Qf2+ 54. Kh1 Nf1 0-1